<?xml version="1.0" encoding="UTF-8"?>
<marc:record xmlns:marc="http://www.loc.gov/MARC21/slim">
   <marc:leader>00000nam a2200000 a 4500</marc:leader>
   <marc:datafield ind1="1" ind2=" " tag="100">
      <marc:subfield code="a">Buchna, Hendrik</marc:subfield>
      <marc:subfield code="4">aut</marc:subfield>
      <marc:subfield code="e">Verfasser/-in</marc:subfield>
   </marc:datafield>
   <marc:datafield ind1="0" ind2="0" tag="245">
      <marc:subfield code="a">Die drei ??? - Rätsel des Mondes</marc:subfield>
   </marc:datafield>
   <marc:datafield ind1="0" ind2="0" tag="245">
      <marc:subfield code="c">Hendrik Buchna</marc:subfield>
   </marc:datafield>
   <marc:datafield ind1=" " ind2="1" tag="264">
      <marc:subfield code="a">Stuttgart</marc:subfield>
      <marc:subfield code="b">Kosmos</marc:subfield>
      <marc:subfield code="c">2026</marc:subfield>
   </marc:datafield>
   <marc:datafield ind1="1" ind2=" " tag="490">
      <marc:subfield code="a">Die drei ???</marc:subfield>
   </marc:datafield>
   <marc:datafield ind1=" " ind2=" " tag="250">
      <marc:subfield code="a">1. Auflage</marc:subfield>
   </marc:datafield>
   <marc:datafield ind1="1" ind2=" " tag="520">
      <marc:subfield code="a">Ein neuer Kriminalfall für die beliebten Detektive aus Rocky Beach.&#xD;
&#xD;
Ein seltsames Vermächtnis, ein letzter Gruß – und jede Menge Fragen. Nach dem Tod ihres Mannes steht Mrs Endercott vor einem geheimnisvollen Rätsel, das sie allein nicht lösen kann. Die drei ??? werden um Hilfe gebeten. Ihr verstorbener Mann, ein früherer NASA-Ingenieur, hat eine Botschaft hinterlassen, deren Spuren ins Weltall und besonders zum Mond führen. Kaum beginnen Justus, Peter und Bob mit ihren Ermittlungen, merken sie, dass sie nicht allein sind. Jemand kommt ihnen gefährlich nah und scheint genau zu wissen, wonach gesucht wird. Was hat Wilbur Endercott verborgen? Ein Fall, der alles abverlangt  – und weit über Rocky Beach hinausführt.</marc:subfield>
   </marc:datafield>
   <marc:datafield ind1=" " ind2=" " tag="020">
      <marc:subfield code="a">9783440182031</marc:subfield>
      <marc:subfield code="9">9783440182031</marc:subfield>
   </marc:datafield>
   <marc:datafield ind1=" " ind2=" " tag="020">
      <marc:subfield code="a">3440182037</marc:subfield>
      <marc:subfield code="9">3440182037</marc:subfield>
   </marc:datafield>
   <marc:datafield ind1=" " ind2=" " tag="041">
      <marc:subfield code="a">ger</marc:subfield>
   </marc:datafield>
   <marc:datafield ind1=" " ind2=" " tag="300">
      <marc:subfield code="a">160 Seiten</marc:subfield>
   </marc:datafield>
</marc:record>
